Launching India into the 21st century (Record no. 390412)

000 -LEADER
fixed length control field 00516cam a22001697a 4500
008 - FIXED-LENGTH DATA ELEMENTS--GENERAL INFORMATION
fixed length control field 180718b1999 xxu||||| |||| 00| 0 eng d
020 ## - INTERNATIONAL STANDARD BOOK NUMBER
International Standard Book Number 817662022X
082 ## - DEWEY DECIMAL CLASSIFICATION NUMBER
Classification number T19x54 M474l
100 ## - MAIN ENTRY--PERSONAL NAME
Personal name Mehta, S.S.
245 ## - TITLE STATEMENT
Title Launching India into the 21st century
Statement of responsibility, etc. by S.S. Mehta
260 ## - PUBLICATION, DISTRIBUTION, ETC.
Place of publication, distribution, etc. New Delhi
Name of publisher, distributor, etc. Minerva Press
Date of publication, distribution, etc. 1999
300 ## - PHYSICAL DESCRIPTION
Extent 303p.
650 ## - SUBJECT ADDED ENTRY--TOPICAL TERM
Topical term or geographic name entry element Twentyfirst century - Forcastes
650 ## - SUBJECT ADDED ENTRY--TOPICAL TERM
Topical term or geographic name entry element India - Army - reorganization
650 ## - SUBJECT ADDED ENTRY--TOPICAL TERM
Topical term or geographic name entry element Administrative reforms - India
650 ## - SUBJECT ADDED ENTRY--TOPICAL TERM
Topical term or geographic name entry element India - Economic conditions
Holdings
Withdrawn status Lost status Damaged status Not for loan Permanent Location Current Location Date acquired Full call number Barcode Date last seen Price effective from Koha item type
        Indian Institute of Public Administration Indian Institute of Public Administration 1999-09-29 T19x54 M474l 74589 2018-07-21 2018-07-21 Book

Powered by Koha